000 00716nam a2200265Ia 4500
003 OSt
005 20220925210638.0
006 a|||||r|||| 00| 0
007 ta
008 220923b |||||||| |||| 00| 0 eng d
020 _a069705165X
037 _cGeneral Book
040 _aRTL
_cRTL
_beng
041 _2eng
_aeng
082 _aU28, L2
100 _aHidore John J
_9256399
245 0 _aGeography of the atmosphere.
250 _a2nd
260 _aIowa
_bW M C Brown
_c1972
300 _avii, 136p. Bib p 133-34.
_ccm.
490 _aBrown foundation of geography series.
650 _aMeteorology
_9200073
942 _hU28, L2
_cGB
_2CC
999 _c555709
_d555709